000 00558nam a22001937a 4500
005 20251108175242.0
008 250721s1997 xx 000 0 ara d
020 _a385485204
082 1 4 _a909.04956/FER
100 1 _aelizabeth warnock، fernea
245 1 4 _aThe Arab World Forty Years Of Change /
264 1 _anew york :
_bdoubleday adivision of bantam doubleday dell publishing group،
_c1997.
300 _a551 P.
650 1 7 _aCIVILIZATION
650 1 7 _aARAB COUNTRIES
700 1 _arobert a.، fernea
942 _2ddc
_cBK
999 _c129749
_d129749